Animal Alphabet Picture 47 - Statistics

General Stats
  • This quiz has been taken 11 times
  • The average score is 21 of 26
Answer Stats
Picture Hint Answer % Correct
A Alligator
100%
C Camel
100%
E Elephant
100%
F Fox
100%
G Goat
100%
H Hyena
100%
K Koala
100%
B Beaver
89%
D Dolphin
89%
I Iguana
89%
J Jaguar
89%
L Lemur
89%
O Octopus
89%
S Seal
89%
T Tiger
89%
U Unicorn
89%
Z Zebra
89%
P Peacock
78%
R Raccoon
78%
V Vulture
78%
W Walrus
78%
Y Yak
78%
M Macaw
56%
Q Quetzal
44%
N Numbat
33%
X Xerus
22%
No matching quizzes found
Score Distribution
Percent of People with Each Score
Percentile by Number Answered
Your Score History
You have not taken this quiz